000 00675nam a2200229Ia 4500
005 20250425162503.0
008 250425s9999 xx 000 0 und d
020 _a9781555631222
041 _aeng
082 _a622.3382
100 _aLAKE, LARRY W.
245 0 _aPETROLEUM ENGINEERING HANDBOOK: EMERGING AND PERIPHERAL TECHNOLOGIES
250 _a1ST ED.
260 _aEstados Unidos
_bSOCIETY OF PETROLEUM ENGINEERS
_c2007
260 _aRICHARDSON
_bSPE INTERNATIONAL
500 _aCOLECCION DE 8 VOLUMENES. DONADOS A LA SPE ESPOL
650 _aCOMPLETACIONES INTELIGENTES
650 _aGEOSTADISTICA
650 _aGEOTERMIA
942 _c01
010 _a77271
999 _c230205
_d230205